| 000 | 00793nam a2200253 a 4500 | ||
|---|---|---|---|
| 008 | |||
| 020 | _a0745805817 (pbk.) | ||
| 020 | _a074580571X (pbk. : v. 2) | ||
| 049 | _aMAIN | ||
| 090 | _aQA184 | ||
| 100 | 1 | _aGriffel, D. H. | |
| 245 | 1 | 0 |
_aLinear algebra and its applications. _nVolume 2, _pMore advanced / _cD. H. Griffel. |
| 260 |
_aChichesterand : _bEllis Horwood, _c1989. |
||
| 300 |
_ax,223p. : _bill. ; _c25 cm. |
||
| 440 | 1 | _aEllis Horwood series in Mathematics and its applications. | |
| 500 | _aIncludes index. | ||
| 504 | _aIncludes bibliographical references. | ||
| 650 | 0 | _aAlgebras, Linear. | |
| 907 |
_a.b10033129 _b16-11-07 _c17-04-03 |
||
| 003 | |||
| 005 | 20230123133154.0 | ||
| 040 | _cNUST | ||
| 942 |
_cBOOKS _kQA184 |
||
| 999 |
_c143974 _d143974 |
||